| 000 | 01159nam a22003377a 4500 | ||
|---|---|---|---|
| 003 | CHAP | ||
| 005 | 20220329135304.0 | ||
| 008 | 971013s1988 r 00010 d | ||
| 010 | _a33831 | ||
| 011 | _a34803 | ||
| 035 | _a38919 | ||
| 040 | _cCHAP | ||
| 090 | _aTesis | ||
| 100 | 0 | 0 |
_aMelchor Olmedo, Máximo. _974326 |
| 245 | _aEvaluación del rendimiento y características agronómicas de variedades criollas de ajonjolí (Sesasum indicum L.) | ||
| 260 |
_aChapingo, Méx. : _bEl autor, _c1988 |
||
| 300 | _a94 h | ||
| 502 | _aTesis (Ing. Agr. Esp. en Fitotecnia) -- UACH. Departamento de Fitotecnia | ||
| 590 |
_aALEPH _b10 _c20130110 _lUCH01 _h1258 |
||
| 590 |
_aBATCH-UPD _b10 _c20130109 _lUCH01 _h2309 |
||
| 590 |
_aBATCH-UPD _b10 _c20130110 _lUCH01 _h1724 |
||
| 590 |
_aBATCH-UPD _b10 _c20130409 _lUCH01 _h1827 |
||
| 590 |
_aBATCH-UPD _b10 _c20130410 _lUCH01 _h1107 |
||
| 590 |
_aBATCH-UPD _b10 _c20130913 _lUCH01 _h2333 |
||
| 590 |
_aCONVERSION _b10 _c20130109 _lUCH01 _h1319 |
||
| 650 | 1 | 4 |
_aAjonjolí _xRendimiento. _93250 |
| 650 | 1 | 4 |
_aAjonjolí _xVariedades. _93256 |
| 901 | _aBK | ||
| 942 | _cTESIS | ||
| 949 |
_bBC _cTES _d-88977 _eTS1 _h21020 _i38919 _si |
||
| 999 |
_c33831 _d33831 |
||